[Event "SR 4. liga A21 2013/2014"]
[Site "?"]
[Date "2013.12.08"]
[Round "5.6"]
[White "Lanik, Miroslav"]
[Black "Kovarik, Oto"]
[Result "1-0"]
[WhiteElo "1925"]
[BlackElo "1925"]
[PlyCount "67"]
[EventDate "2013.??.??"]

1. e4 c5 2. Nf3 e6 3. d4 cxd4 4. Nxd4 Nc6 5. Nc3 a6 6. Be3 d6 7. f4 Nf6 8. Qf3
Qc7 9. O-O-O Be7 10. g4 Nxd4 11. Bxd4 e5 12. fxe5 Bxg4 13. Qg3 Bxd1 14. exf6
Bxf6 15. Bxf6 gxf6 16. Kxd1 O-O-O 17. Bd3 Qb6 18. Kc1 Rhg8 19. Nd5 Qa5 20. Ne7+
Kb8 21. Nxg8 Qxa2 22. Rf1 Qa1+ 23. Kd2 Qxb2 24. Nxf6 Qb4+ 25. Ke2 Qc5 26. Nd5
Re8 27. Qe3 Qc8 28. Rxf7 Qg4+ 29. Qf3 Qg8 30. Rf5 Qg7 31. Qg3 Qh6 32. h4 Qe6
33. Qf4 Ka7 34. Nc7 1-0

[Event "SR 4. liga A21 2013/2014"]
[Site "?"]
[Date "2013.12.08"]
[Round "5.6"]
[White "Cerovsky, Marian"]
[Black "Palka, Miroslav"]
[Result "1/2-1/2"]
[WhiteElo "1832"]
[BlackElo "1924"]
[PlyCount "136"]
[EventDate "2013.??.??"]

1. e4 c5 2. Nc3 g6 3. Bc4 Bg7 4. Qf3 e6 5. d3 Nc6 6. Be3 Nd4 7. Qd1 Ne7 8. a4
O-O 9. Nf3 Nec6 10. O-O b6 11. Bxd4 Nxd4 12. Nxd4 Bxd4 13. Rb1 Bb7 14. Ne2 Bg7
15. Ng3 d5 16. Ba2 Qd7 17. c3 Rfd8 18. f3 h5 19. Bb3 Qc7 20. Qc1 dxe4 21. dxe4
Rd7 22. Qg5 Qd8 23. Qxd8+ Raxd8 24. Rbd1 Rd2 25. Rxd2 Rxd2 26. Rf2 Rd7 27. f4
h4 28. Nf1 Bxe4 29. h3 Bc6 30. Nd2 Bh6 31. Nc4 Bg7 32. Nd2 a6 33. Kf1 b5 34.
axb5 axb5 35. Ke1 b4 36. cxb4 cxb4 37. Nc4 Rd4 38. Ne5 Bxe5 39. fxe5 Re4+ 40.
Kf1 Rxe5 41. Rc2 Bd5 42. Bxd5 Rxd5 43. Rc4 b3 44. Ke2 Rg5 45. Kf2 Rd5 46. Ke3
Rg5 47. Kf2 Rb5 48. Rxh4 Rc5 49. Re4 Rc2+ 50. Re2 Kg7 51. Ke3 Rxe2+ 52. Kxe2
Kf6 53. Kd3 Ke5 54. Kc4 f5 55. Kxb3 Kd4 56. Kc2 Kc4 57. Kd2 Kb3 58. Ke3 e5 59.
g4 f4+ 60. Kf3 Kc4 61. h4 Kd3 62. h5 e4+ 63. Kxf4 gxh5 64. gxh5 e3 65. h6 e2
66. h7 e1=Q 67. h8=Q Qf2+ 68. Kg5 Qg2+ 1/2-1/2

[Event "SR 4. liga A21 2013/2014"]
[Site "?"]
[Date "2013.12.08"]
[Round "5.6"]
[White "Kubik, Peter"]
[Black "Damborsky, Pavol"]
[Result "1-0"]
[WhiteElo "1771"]
[BlackElo "1836"]
[PlyCount "62"]
[EventDate "2013.??.??"]

1. e4 e5 2. Nf3 d6 3. d4 exd4 4. Nxd4 Nf6 5. Nc3 a6 6. Bf4 Be7 7. Qd2 Nbd7 8.
O-O-O Ne5 9. Be2 b5 10. f3 c5 11. Nf5 Bxf5 12. exf5 Qa5 13. Kb1 O-O 14. g4 Nc4
15. Bxc4 bxc4 16. Nd5 Qd8 17. Nxe7+ Qxe7 18. Bxd6 Qb7 19. Bxf8 Rxf8 20. g5 Ne8
21. Qd5 Qb5 22. Qd7 Qb4 23. c3 Qb5 24. Rhe1 Nc7 25. Qd6 Qb7 26. Re7 Qxf3 27.
Rxc7 Qxf5+ 28. Ka1 Qxg5 29. Rxc5 f5 30. Qe6+ Kh8 31. Rc8 Qf6 1-0

[Event "SR 4. liga A21 2013/2014"]
[Site "?"]
[Date "2013.12.08"]
[Round "5.6"]
[White "Dubecky, Ladislav"]
[Black "Tokos, Rastislav"]
[Result "1-0"]
[WhiteElo "1675"]
[BlackElo "1846"]
[PlyCount "98"]
[EventDate "2013.??.??"]

1. e4 c5 2. f4 Nc6 3. Nf3 e6 4. Be2 Nf6 5. d3 d5 6. e5 Nd7 7. O-O f6 8. c3 Be7
9. d4 c4 10. b3 cxb3 11. axb3 Qb6 12. Ba3 fxe5 13. fxe5 Bxa3 14. Rxa3 Ndxe5 15.
Nxe5 Nxe5 16. Kh1 Nf7 17. Bd3 g6 18. Nd2 Qc7 19. c4 Qe7 20. Ra1 O-O 21. Qc2 Qg5
22. Nf3 Qh6 23. cxd5 exd5 24. Qc5 Bd7 25. Qxd5 Bc6 26. Qc5 Qh5 27. Qa3 Bd5 28.
Bc4 Rfd8 29. Qe7 Re8 30. Qb4 Re3 31. Ra5 Rxf3 32. Rxf3 Rd8 33. Qe7 Qh6 34. Rxf7
Bxc4 35. Qxd8+ Kxf7 36. Qc7+ Kf6 37. Qe5+ Kf7 38. Ra1 Ba6 39. Re1 Qd2 40. Qe7+
Kg8 41. Qe8+ Kg7 42. Qe5+ Kf7 43. h4 Qf2 44. Re4 Qf1+ 45. Kh2 Qb5 46. Rf4+ Kg8
47. Qe6+ Kg7 48. Rf7+ Kh6 49. Qe3+ g5 1-0

[Event "SR 4. liga A21 2013/2014"]
[Site "?"]
[Date "2013.12.08"]
[Round "5.6"]
[White "Bendzela, Tibor"]
[Black "Pisecky, Jan"]
[Result "1-0"]
[WhiteElo "1480"]
[BlackElo "1501"]
[PlyCount "113"]
[EventDate "2013.??.??"]

1. e4 e5 2. d4 exd4 3. Qxd4 Nc6 4. Qe3 d6 5. Nc3 Nf6 6. Bd2 Ng4 7. Qf4 Nd4 8.
O-O-O Qf6 9. Qxf6 Nxf6 10. f3 Be6 11. Bg5 Nc6 12. Nh3 a6 13. Nf4 h6 14. Bxf6
gxf6 15. Nh5 Be7 16. Ng7+ Kd7 17. Nd5 Rhg8 18. Nh5 Bxd5 19. Rxd5 Rg5 20. Nf4
Nb4 21. Rd4 c5 22. Rd1 Nxa2+ 23. Kb1 Nb4 24. Bc4 Rf8 25. h4 Rg7 26. c3 b5 27.
cxb4 bxc4 28. bxc5 Kc6 29. Nd5 Bd8 30. cxd6 Rxg2 31. Nb4+ Kb5 32. Nc2 Rf2 33.
Rd5+ Ka4 34. Rc5 Kb3 35. Nd4+ Kb4 36. Rc8 Rd2 37. Nc6+ Kb5 38. Rxd8 Rxd8 39.
Nxd8 Rxd6 40. Nxf7 Rd3 41. Rf1 Rd2 42. Nxh6 Kb4 43. Kc1 Rh2 44. Nf5 Kb3 45.
Nd4+ Ka2 46. Nc2 Kb3 47. Nd4+ Ka2 48. Kd1 Kxb2 49. Ke1 Kc1 50. Rf2 Rxh4 51.
Rc2+ Kb1 52. Rxc4 a5 53. Kd2 Rh2+ 54. Ke3 Kb2 55. Ra4 Rh5 56. Nf5 Rh1 57. Rxa5
1-0

[Event "SR 4. liga A21 2013/2014"]
[Site "?"]
[Date "2014.01.12"]
[Round "6.1"]
[White "Podjavorinsky, Michal"]
[Black "Kovarik, Oto"]
[Result "1/2-1/2"]
[WhiteElo "1719"]
[BlackElo "1925"]
[PlyCount "41"]
[EventDate "2013.??.??"]

1. e4 c5 2. d3 e6 3. Be3 Nc6 4. f4 Nf6 5. g3 Be7 6. Bg2 d6 7. Nc3 O-O 8. Nf3 a6
9. O-O Qc7 10. Qe2 b5 11. e5 Ng4 12. exd6 Bxd6 13. Ne4 Nxe3 14. Qxe3 Ne7 15.
Nfg5 Nd5 16. Qe2 Rb8 17. c4 Nf6 18. Nxf6+ gxf6 19. Qh5 fxg5 20. Qxg5+ Kh8 21.
Qf6+ 1/2-1/2

[Event "SR 4. liga A21 2013/2014"]
[Site "?"]
[Date "2014.01.12"]
[Round "6.1"]
[White "Cerovsky, Marian"]
[Black "Miciak, Emanuel"]
[Result "1/2-1/2"]
[WhiteElo "1832"]
[BlackElo "1896"]
[PlyCount "58"]
[EventDate "2013.??.??"]

1. e4 e6 2. Nc3 d5 3. exd5 exd5 4. d4 Nf6 5. h3 c6 6. Nf3 Bd6 7. Bd3 O-O 8. O-O
Re8 9. Re1 Nbd7 10. Rxe8+ Qxe8 11. Be3 Nf8 12. Qd2 Ng6 13. Re1 Qf8 14. Ne2 Nh5
15. a3 Bd7 16. c4 Re8 17. cxd5 cxd5 18. Qa5 a6 19. Qxd5 Nf6 20. Qb3 Bc6 21. Bg5
Ne4 22. Be3 b5 23. Rc1 Bb7 24. Ng5 Nxg5 25. Bxg5 Bb8 26. Qb4 Bd6 27. Qb3 Bb8
28. Qb4 Bd6 29. Qd2 Bb8 1/2-1/2

[Event "SR 4. liga A21 2013/2014"]
[Site "?"]
[Date "2014.01.12"]
[Round "6.1"]
[White "Bajcar, Pavol"]
[Black "Damborsky, Pavol"]
[Result "1-0"]
[WhiteElo "1745"]
[BlackElo "1836"]
[PlyCount "97"]
[EventDate "2013.??.??"]

1. d4 d5 2. Bf4 Nc6 3. Nf3 e6 4. e3 a6 5. c3 Bd7 6. Bd3 Nf6 7. Nbd2 Be7 8. Qc2
h6 9. O-O Nh5 10. Bg3 Nxg3 11. hxg3 f5 12. Qb3 Na5 13. Qc2 Bf6 14. c4 dxc4 15.
Bxc4 Nxc4 16. Nxc4 Bb5 17. Rfd1 Bc6 18. Nce5 Bxe5 19. Nxe5 Qd5 20. Nxc6 bxc6
21. Rac1 O-O 22. b3 Rfe8 23. Qxc6 Qxc6 24. Rxc6 Re7 25. Rdc1 Ra7 26. R1c4 Kf7
27. Ra4 a5 28. Rc5 Rd7 29. Rcxa5 Rxa5 30. Rxa5 Ke7 31. Kf1 Rd6 32. Ke2 Kd7 33.
Kd3 Rc6 34. Rc5 Ra6 35. a4 Rb6 36. Kc4 c6 37. b4 Ra6 38. Ra5 Rb6 39. Ra7+ Kd6
40. Rxg7 Ra6 41. a5 Ra8 42. Rb7 Ra6 43. Rb6 Ra7 44. b5 Rxa5 45. Rxc6+ Kd7 46.
Ra6 Rxa6 47. bxa6 Kc6 48. a7 Kb7 49. Kc5 1-0

[Event "SR 4. liga A21 2013/2014"]
[Site "?"]
[Date "2014.01.12"]
[Round "6.1"]
[White "Dubecky, Ladislav"]
[Black "Podjavorinsky, Peter"]
[Result "0-1"]
[WhiteElo "1675"]
[BlackElo "1707"]
[PlyCount "74"]
[EventDate "2013.??.??"]

1. e4 e5 2. f4 exf4 3. Nf3 Be7 4. Bc4 Bh4+ 5. Kf1 Nf6 6. Nxh4 Nxe4 7. Bxf7+
Kxf7 8. Qh5+ g6 9. Qd5+ Kf8 10. Nxg6+ hxg6 11. Qxe4 Qf6 12. Nc3 c6 13. Qb4+ d6
14. Ne4 c5 15. Qb3 Qe5 16. d3 Nc6 17. c3 f3 18. g3 d5 19. Bf4 Qe6 20. Nf2 Qe2+
21. Kg1 Qe6 22. Bd2 Qf7 23. h4 Ne5 24. Bf4 Nd7 25. Re1 Kg7 26. Kh2 b6 27. d4
Rxh4+ 28. Kg1 Rxh1+ 29. Nxh1 Ba6 30. Nf2 Re8 31. Ng4 Rxe1+ 32. Kf2 Rf1+ 33. Ke3
Qe6+ 34. Ne5 Qf5 35. Qxd5 Re1+ 36. Kxf3 Nxe5+ 37. dxe5 Qh5+ 0-1

[Event "SR 4. liga A21 2013/2014"]
[Site "?"]
[Date "2014.01.12"]
[Round "6.1"]
[White "Madzo, Anton"]
[Black "Sprusansky, Ferdinand"]
[Result "1/2-1/2"]
[WhiteElo "1611"]
[BlackElo "1439"]
[PlyCount "91"]
[EventDate "2013.??.??"]

1. c4 e5 2. e4 Nf6 3. d3 c6 4. Bg5 Be7 5. Nf3 d6 6. Be2 h6 7. Bxf6 Bxf6 8. O-O
O-O 9. b4 Re8 10. Nbd2 d5 11. cxd5 cxd5 12. Nb3 d4 13. a3 b6 14. Rc1 Bg5 15.
Nxg5 Qxg5 16. Re1 Bh3 17. g3 Bd7 18. Nd2 b5 19. Rc7 a5 20. Nf3 Qf6 21. bxa5
Rxa5 22. Qc1 Qd6 23. Qc5 Qxc5 24. Rxc5 Rxa3 25. Nxe5 b4 26. Nxd7 Nxd7 27. Rb5
b3 28. Rb1 Rb8 29. Rxb8+ Nxb8 30. Kg2 Nc6 31. Bd1 b2 32. Rxb2 Rxd3 33. Be2 Rc3
34. Rd2 f6 35. Bb5 Na7 36. Ba6 Rc6 37. Bb7 Rd6 38. Bd5+ Kf8 39. Rxd4 Nc6 40.
Rc4 Ne7 41. Rc5 f5 42. Ra5 Nxd5 43. exd5 g5 44. h3 Ke7 45. Kf3 Kf6 46. Ke3
1/2-1/2

[Event "SR 4. liga A21 2013/2014"]
[Site "?"]
[Date "2014.01.12"]
[Round "6.2"]
[White "Vepy, Ivan"]
[Black "Lanik, Miroslav"]
[Result "1-0"]
[WhiteElo "1926"]
[BlackElo "1925"]
[PlyCount "119"]
[EventDate "2013.??.??"]

1. e4 c5 2. d4 cxd4 3. Qxd4 Nc6 4. Qd1 Nf6 5. Nc3 d6 6. Nge2 e6 7. Ng3 a6 8. a3
Be7 9. h3 Qc7 10. Be2 O-O 11. O-O b5 12. f4 Bb7 13. Bf3 Na5 14. Kh1 Rac8 15.
Qe1 Nc4 16. b3 Nb6 17. Bb2 d5 18. Rc1 Rfd8 19. Nh5 Nxh5 20. Bxh5 Bxa3 21. Bxa3
Qxc3 22. Qxc3 Rxc3 23. Bb2 Rcc8 24. f5 e5 25. Rfd1 d4 26. Bf3 Rc7 27. c3 Rdc8
28. cxd4 Rxc1 29. Bxc1 exd4 30. Bf4 a5 31. Rxd4 a4 32. Bc7 Na8 33. Ba5 axb3 34.
Rb4 Nc7 35. Bxc7 Rxc7 36. Rxb5 f6 37. Rxb3 Re7 38. Rb4 Ba6 39. Rd4 Bb7 40. Rb4
Ba6 41. Bh5 Rc7 42. Rb6 Bb7 43. Re6 Rc8 44. Kh2 Kf8 45. Bf3 Rc6 46. Rxc6 Bxc6
47. Kg3 Bd7 48. Kf4 g5+ 49. fxg6 hxg6 50. h4 Kg7 51. g4 Kh6 52. Ke3 Kg7 53. Kd4
f5 54. exf5 gxf5 55. g5 Be8 56. h5 Kh7 57. Ke5 Bd7 58. Kf6 Be8 59. Kxf5 Kg7 60.
g6 1-0

[Event "SR 4. liga A21 2013/2014"]
[Site "?"]
[Date "2014.01.12"]
[Round "6.2"]
[White "Palka, Miroslav"]
[Black "Jarabek, Milan"]
[Result "1/2-1/2"]
[WhiteElo "1924"]
[BlackElo "1744"]
[PlyCount "88"]
[EventDate "2013.??.??"]

1. e4 e5 2. c4 Nf6 3. Nc3 Nc6 4. g3 Bc5 5. Bg2 d6 6. h3 Be6 7. d3 Qd7 8. Nd5
Bxd5 9. cxd5 Nd4 10. Ne2 Qb5 11. O-O h5 12. Nxd4 Bxd4 13. Rb1 O-O-O 14. b4 h4
15. g4 Qd7 16. Be3 Bxe3 17. fxe3 Rdf8 18. b5 Nh7 19. a4 g6 20. Rf2 f5 21. exf5
gxf5 22. Rb4 fxg4 23. Rxf8+ Rxf8 24. Qxg4 Qxg4 25. Rxg4 Nf6 26. Rxh4 Rg8 27.
Kf2 Nd7 28. Bf3 Nc5 29. Ke2 a6 30. Rc4 axb5 31. axb5 b6 32. d4 Nd7 33. dxe5
Nxe5 34. Bg4+ Kd8 35. Ra4 Ke7 36. Ra7 Nxg4 37. hxg4 Rxg4 38. Rxc7+ Kf6 39. Rc6
Ke5 40. Kf3 Rb4 41. Rxb6 Kxd5 42. e4+ Rxe4 43. Rxd6+ Kxd6 44. Kxe4 Kc5 1/2-1/2

[Event "SR 4. liga A21 2013/2014"]
[Site "?"]
[Date "2014.01.12"]
[Round "6.2"]
[White "Harastova, Viera"]
[Black "Kubik, Peter"]
[Result "1/2-1/2"]
[WhiteElo "1877"]
[BlackElo "1771"]
[PlyCount "85"]
[EventDate "2013.??.??"]

1. d4 Nf6 2. c4 e5 3. Bg5 exd4 4. Qxd4 Be7 5. Nc3 O-O 6. e4 Nc6 7. Qd2 Re8 8.
Bd3 d6 9. Nge2 Ne5 10. O-O Nxd3 11. Qxd3 Nxe4 12. Bxe7 Qxe7 13. Nd5 Qd8 14.
Rad1 Nf6 15. Nef4 Be6 16. b3 Bxd5 17. Nxd5 Nxd5 18. Qxd5 b6 19. Rd3 Re5 20. Qf3
a5 21. Rfd1 Rc8 22. h3 Qe7 23. Qg4 Re8 24. Rg3 Re1+ 25. Kh2 g6 26. Rxe1 Qxe1
27. Re3 Rxe3 28. fxe3 Qxe3 29. Qc8+ Kg7 30. Qxc7 Qc5 31. Qb7 h5 32. Qf3 Qe5+
33. Kh1 Qa1+ 34. Kh2 Qxa2 35. Qc3+ Kg8 36. Qe3 Qa3 37. Qxb6 Qc5 38. Qb5 Kg7 39.
Kg3 Kf6 40. Kf3 Ke7 41. Qb7+ Ke6 42. Qe4+ Qe5 43. Qb7 1/2-1/2

[Event "SR 4. liga A21 2013/2014"]
[Site "?"]
[Date "2014.01.12"]
[Round "6.2"]
[White "Tokos, Rastislav"]
[Black "Zlamal, Marek"]
[Result "1-0"]
[WhiteElo "1846"]
[BlackElo "1638"]
[PlyCount "38"]
[EventDate "2013.??.??"]

1. e4 c5 2. Nf3 Nc6 3. d4 cxd4 4. Nxd4 d6 5. Be3 Nf6 6. Nc3 g6 7. Be2 Bg7 8.
Qd2 e5 9. Nb3 Be6 10. O-O-O O-O 11. Qxd6 Bxb3 12. Qxd8 Rfxd8 13. axb3 Nd4 14.
f3 a6 15. Rd2 b5 16. Rhd1 Ne8 17. Bf1 Rac8 18. Kb1 Nc7 19. Bxd4 Ne6 1-0

[Event "SR 4. liga A21 2013/2014"]
[Site "?"]
[Date "2014.01.12"]
[Round "6.2"]
[White "Antalek, Rudolf"]
[Black "Dest, Stanislav"]
[Result "0-1"]
[WhiteElo "1533"]
[BlackElo "1437"]
[PlyCount "120"]
[EventDate "2013.??.??"]

1. e4 e5 2. Nf3 d6 3. d4 exd4 4. Nxd4 Nf6 5. Nc3 Bd7 6. Bc4 Be7 7. O-O O-O 8.
Re1 Nc6 9. Be3 Ne5 10. Bb3 a6 11. f4 Ng6 12. Qd3 b5 13. Re2 c5 14. Ndxb5 axb5
15. Nxb5 Qb8 16. Nc3 Bc6 17. Rae1 Qb7 18. Bd2 Rad8 19. Nd5 Nxd5 20. exd5 Bb5
21. c4 Ba6 22. Bc2 Rfe8 23. h4 Qd7 24. h5 Nf8 25. Bc3 Bh4 26. g3 Rxe2 27. Rxe2
Qg4 28. Rg2 Be7 29. Bd1 Bxc4 30. Qxh7+ Nxh7 31. Bxg4 Bxd5 32. Re2 Bf6 33. a3
Bxc3 34. bxc3 Nf6 35. Rd2 Bc6 36. Be2 Ne4 37. Rd3 Bb5 38. Re3 Bxe2 39. Rxe4
Bxh5 40. Re1 Kf8 41. a4 Bf3 42. Kf2 Bc6 43. a5 Ra8 44. Ra1 Ke7 45. Ke3 Kd7 46.
c4 Kc7 47. g4 d5 48. Kd3 d4 49. g5 Bd7 50. Ke4 Kc6 51. f5 Re8+ 52. Kf4 Kb7 53.
Rh1 Ka6 54. Rh7 Rg8 55. f6 gxf6 56. gxf6 Be6 57. Rh5 Rc8 58. Ke5 Kxa5 59. Kd6
Kb4 60. Ke7 Rc7+ 0-1

[Event "SR 4. liga A21 2013/2014"]
[Site "?"]
[Date "2014.01.12"]
[Round "6.3"]
[White "Gasa, Patrik"]
[Black "Blatnicky, Miroslav"]
[Result "1/2-1/2"]
[WhiteElo "1956"]
[BlackElo "2089"]
[PlyCount "86"]
[EventDate "2013.??.??"]

1. d4 d5 2. c4 e6 3. Nf3 Nf6 4. Nc3 c6 5. Bg5 Nbd7 6. e3 Bb4 7. Qb3 Qa5 8. a3
Bxc3+ 9. Qxc3 Qxc3+ 10. bxc3 Ne4 11. Rc1 f6 12. Bf4 g5 13. Bg3 Nb6 14. cxd5
exd5 15. Nd2 Bf5 16. f3 Nxd2 17. Kxd2 h5 18. c4 h4 19. Bf2 dxc4 20. Bxc4 Nxc4+
21. Rxc4 O-O-O 22. e4 Be6 23. Rb4 b6 24. Rc1 Kb7 25. Ke2 Rhe8 26. g3 hxg3 27.
hxg3 Rh8 28. Rbb1 Rh2 29. Rh1 Rdh8 30. Rxh2 Rxh2 31. g4 Bc4+ 32. Ke3 Rh3 33.
Rd1 Kc7 34. Rc1 b5 35. Be1 Kd7 36. Bb4 Rh2 37. Re1 Ra2 38. f4 a5 39. Bc5 gxf4+
40. Kxf4 Rf2+ 41. Ke3 Rf1 42. Rxf1 Bxf1 43. Kf4 Ke6 1/2-1/2

[Event "SR 4. liga A21 2013/2014"]
[Site "?"]
[Date "2014.01.12"]
[Round "6.3"]
[White "Orvisky, Vladimir"]
[Black "Pipiska, Adam"]
[Result "1/2-1/2"]
[WhiteElo "1817"]
[BlackElo "1737"]
[PlyCount "44"]
[EventDate "2013.??.??"]

1. c4 d6 2. d4 g6 3. Nc3 Bg7 4. Nf3 Nf6 5. g3 O-O 6. Bg2 Nc6 7. O-O e5 8. dxe5
Nxe5 9. Nxe5 dxe5 10. Bd2 Qd4 11. b3 c6 12. Qc1 Bf5 13. Rd1 Qd7 14. Bh6 Qe6 15.
Bxg7 Kxg7 16. Qa3 Rfe8 17. Rd2 e4 18. e3 Bg4 19. Qb2 Bf3 20. Bf1 Rad8 21. Ne2
Rxd2 22. Qxd2 Bg4 1/2-1/2

[Event "SR 4. liga A21 2013/2014"]
[Site "?"]
[Date "2014.01.12"]
[Round "6.3"]
[White "Ocko, Martin"]
[Black "Krchnak, Rudolf"]
[Result "1/2-1/2"]
[WhiteElo "1736"]
[BlackElo "1821"]
[PlyCount "43"]
[EventDate "2013.??.??"]

1. d4 Nf6 2. c4 c5 3. d5 e6 4. Nc3 exd5 5. cxd5 d6 6. Nf3 g6 7. g3 Bg7 8. Bg2
O-O 9. O-O Re8 10. Re1 a6 11. a4 b6 12. e4 Nbd7 13. Bf4 Ne5 14. Bxe5 dxe5 15.
Nd2 Bd7 16. Qb3 Rb8 17. Bf1 a5 18. Nb5 Rf8 19. Nc4 Ne8 20. Rad1 Bxb5 21. axb5
Nd6 22. Nxd6 1/2-1/2

[Event "SR 4. liga A21 2013/2014"]
[Site "?"]
[Date "2014.01.12"]
[Round "6.3"]
[White "Smrek, Peter"]
[Black "Buran, Andrej ml"]
[Result "1-0"]
[WhiteElo "1811"]
[BlackElo "1392"]
[PlyCount "65"]
[EventDate "2013.??.??"]

1. c4 e5 2. Nc3 Nf6 3. g3 Bc5 4. h3 O-O 5. Bg2 c6 6. e4 b5 7. cxb5 cxb5 8. d3
Qb6 9. Qe2 Nc6 10. Nf3 h6 11. O-O Nh5 12. Kh2 Nf6 13. Nd5 Nxd5 14. exd5 Nb4 15.
a3 Nxd5 16. Qxe5 Bb7 17. d4 Bd6 18. Qf5 Nf6 19. Bxh6 Bxf3 20. Bxf3 Rac8 21. Qg5
Ne8 22. Qg4 Rd8 23. Rae1 Bxg3+ 24. fxg3 Qxh6 25. Rf2 Nf6 26. Qf5 a6 27. g4 Rfe8
28. Rxe8+ Nxe8 29. Bd5 Nf6 30. g5 Qh4 31. gxf6 gxf6 32. Rg2+ Kf8 33. Rg4 1-0

[Event "SR 4. liga A21 2013/2014"]
[Site "?"]
[Date "2014.01.12"]
[Round "6.3"]
[White "Trojkova, Michaela"]
[Black "Kosiarcik, Maximilian"]
[Result "0-1"]
[WhiteElo "1455"]
[BlackElo "1239"]
[PlyCount "88"]
[EventDate "2013.??.??"]

1. d4 Nf6 2. c4 e6 3. Nf3 d5 4. e3 c5 5. Nbd2 Nc6 6. b3 cxd4 7. exd4 dxc4 8.
Nxc4 Bb4+ 9. Bd2 Be7 10. Bc3 Ne4 11. Bd2 Nxd2 12. Nfxd2 Qxd4 13. Nf3 Bb4+ 14.
Ncd2 Bxd2+ 15. Nxd2 O-O 16. Rc1 Rd8 17. Rc4 Qd5 18. Rg4 e5 19. Rg3 Nd4 20. Bc4
Qa5 21. Qh5 Nf3+ 22. gxf3 Qxd2+ 23. Kf1 Qf4 24. Rhg1 Rd1+ 25. Kg2 Rxg1+ 26.
Kxg1 g6 27. Qg5 Qxg5 28. Rxg5 Bf5 29. Kf1 Rd8 30. Ke2 Kg7 31. Rg1 Kf6 32. Ke3
Be6 33. Bxe6 Kxe6 34. Rc1 f5 35. Rc7 Rd7 36. Rc4 Kd6 37. f4 exf4+ 38. Kxf4 Ke6
39. Rc2 h6 40. Re2+ Kf6 41. Rc2 Rd3 42. f3 g5+ 43. Kg3 g4 44. Kf4 Rxf3# 0-1

[Event "SR 4. liga A21 2013/2014"]
[Site "?"]
[Date "2014.01.12"]
[Round "6.4"]
[White "Hirmajer, Jan"]
[Black "Skapikova, Lubica"]
[Result "1/2-1/2"]
[WhiteElo "1957"]
[BlackElo "1893"]
[PlyCount "130"]
[EventDate "2013.??.??"]

1. c4 e5 2. Nc3 Nc6 3. g3 Nf6 4. Bg2 d6 5. Nf3 Be7 6. d3 O-O 7. a3 a5 8. O-O
Be6 9. Ng5 Bd7 10. Nce4 Nxe4 11. Nxe4 f5 12. Nc3 Be6 13. e3 Bf6 14. Qb3 Qc8 15.
Nd5 Bd8 16. f4 Rb8 17. Qd1 Ne7 18. Bd2 c6 19. Nxe7+ Bxe7 20. Bxa5 e4 21. Re1 b6
22. Bb4 exd3 23. Qxd3 Qb7 24. e4 Rbd8 25. Rac1 Qa6 26. exf5 Bxf5 27. Qb3 Qb7
28. c5+ d5 29. cxb6 Qxb6+ 30. Qe3 Qxe3+ 31. Rxe3 Bxb4 32. axb4 d4 33. Re2 d3
34. Rd2 Rd4 35. Rxc6 Rxb4 36. Bd5+ Kh8 37. b3 Rd4 38. Bc4 Rb8 39. Kf2 Re8 40.
Rc5 g6 41. Rd5 Rxd5 42. Bxd5 Rb8 43. Ke3 h5 44. h3 Bxh3 45. Rxd3 Kg7 46. Rd2
Bf5 47. Rd4 Rb5 48. Bc4 Rb6 49. Kd2 Kf6 50. Kc3 Bc8 51. b4 g5 52. b5 g4 53. Kb4
h4 54. gxh4 g3 55. Kc5 Rb8 56. Rd5 Be6 57. Re5 Rc8+ 58. Kd6 Bxc4 59. b6 Ba6 60.
Rg5 Rh8 61. Rxg3 Rxh4 62. Ra3 Bb7 63. Kc7 Bg2 64. Ra2 Bd5 65. Ra5 Bf3 1/2-1/2

[Event "SR 4. liga A21 2013/2014"]
[Site "?"]
[Date "2014.01.12"]
[Round "6.4"]
[White "Spacek, Marcel"]
[Black "Bjel, Lubos"]
[Result "0-1"]
[WhiteElo "1818"]
[BlackElo "1754"]
[PlyCount "82"]
[EventDate "2013.??.??"]

1. d4 e6 2. c4 d5 3. Nc3 Bb4 4. a3 Bxc3+ 5. bxc3 dxc4 6. e4 b5 7. a4 c6 8. Ba3
Ne7 9. Ne2 O-O 10. Ng3 Re8 11. e5 Nd5 12. Ne4 a5 13. axb5 cxb5 14. Nd6 b4 15.
Bxb4 Nxb4 16. cxb4 Re7 17. Bxc4 Nc6 18. b5 Na7 19. O-O Bb7 20. f4 Nc8 21. Nxb7
Rxb7 22. f5 Nb6 23. Ba2 Nd5 24. Qf3 Qb6 25. Rad1 Qxb5 26. f6 g6 27. Qh3 Qe8 28.
Bxd5 exd5 29. Rf4 a4 30. Rh4 Rb3 31. g3 h5 32. Qg2 Qb5 33. Qd2 Kh7 34. Qg5 Qe2
35. Qd2 Qxd2 36. Rxd2 a3 37. g4 Rb1+ 38. Kf2 Rb2 39. Ke3 Rxd2 40. gxh5 Rg2 41.
Kf3 Rg5 0-1

[Event "SR 4. liga A21 2013/2014"]
[Site "?"]
[Date "2014.01.12"]
[Round "6.4"]
[White "Bjel, Jan"]
[Black "Sadlon, Juraj"]
[Result "1-0"]
[WhiteElo "1859"]
[BlackElo "1801"]
[PlyCount "39"]
[EventDate "2013.??.??"]

1. e4 e5 2. Nf3 Nc6 3. Bb5 a6 4. Ba4 b5 5. Bb3 Be7 6. O-O Nf6 7. Re1 O-O 8. c3
d6 9. h3 Na5 10. Bc2 c5 11. d3 Bb7 12. Nbd2 Qc7 13. Nf1 Rfe8 14. Ng3 g6 15. Bg5
Kg7 16. Qd2 Ng8 17. Rad1 Rac8 18. Bb1 Bxg5 19. Qxg5 Qe7 20. Nf5+ 1-0

[Event "SR 4. liga A21 2013/2014"]
[Site "?"]
[Date "2014.01.12"]
[Round "6.4"]
[White "Pericka, Pavol"]
[Black "Bjel, Tomas"]
[Result "1-0"]
[WhiteElo "1793"]
[BlackElo "1674"]
[PlyCount "51"]
[EventDate "2013.??.??"]

1. e4 e5 2. Bc4 Nf6 3. Nf3 Bd6 4. Nc3 Nc6 5. d3 h6 6. O-O Be7 7. Nd5 d6 8. Nxe7
Qxe7 9. h3 Be6 10. Bb5 Qd7 11. Kh2 O-O 12. d4 a6 13. dxe5 Nxe4 14. Bd3 Nc5 15.
Bf4 dxe5 16. Nxe5 Nxe5 17. Bxe5 Nxd3 18. cxd3 Rad8 19. Qf3 Qxd3 20. Qxb7 Bd5
21. Qb4 c5 22. Qf4 Rfe8 23. Rad1 Qg6 24. f3 Bxa2 25. Qa4 Rxd1 26. Qxe8+ 1-0

[Event "SR 4. liga A21 2013/2014"]
[Site "?"]
[Date "2014.01.12"]
[Round "6.4"]
[White "Tomasovic, Martin"]
[Black "Sadlon, Matus"]
[Result "0-1"]
[WhiteElo "1715"]
[BlackElo "1582"]
[PlyCount "95"]
[EventDate "2013.??.??"]

1. e4 e5 2. Nf3 Nc6 3. Bb5 a6 4. Ba4 Nf6 5. d3 b5 6. Bb3 Be7 7. Nc3 O-O 8. O-O
d6 9. h3 Na5 10. Bd5 c6 11. Bb3 Nxb3 12. axb3 Qc7 13. Re1 Bb7 14. Bg5 Ne8 15.
Bxe7 Qxe7 16. Qd2 Nc7 17. Re3 Ne6 18. Ne2 f5 19. exf5 Rxf5 20. Ng3 Rf7 21. Rae1
c5 22. Qe2 Nd4 23. Nxd4 cxd4 24. Re4 Bxe4 25. Qxe4 Raf8 26. f3 Qg5 27. Qg4 Qxg4
28. hxg4 Rc7 29. Ne4 Rc6 30. c3 d5 31. Nd2 dxc3 32. bxc3 Rxc3 33. Rxe5 Rxd3 34.
Nf1 a5 35. Ne3 Rd8 36. Nc2 Kf7 37. Kh2 g6 38. g5 Re8 39. Rxe8 Kxe8 40. Na3 Rxb3
41. Nc2 Rd3 42. Ne1 Rd2 43. f4 a4 44. Nf3 Rf2 45. Nd4 b4 46. Kg3 Rd2 47. Nc6 b3
48. Nb4 0-1

[Event "SR 4. liga A21 2013/2014"]
[Site "?"]
[Date "2014.01.12"]
[Round "6.5"]
[White "Gono, Michal"]
[Black "Slaby, Jozef"]
[Result "1-0"]
[WhiteElo "1941"]
[BlackElo "1874"]
[PlyCount "103"]
[EventDate "2013.??.??"]

1. f4 d5 2. Nf3 Nf6 3. g3 h6 4. Bg2 Bf5 5. O-O c6 6. h3 Nbd7 7. d3 Qc7 8. Qe1
e6 9. g4 Bh7 10. Nh4 O-O-O 11. a4 Rg8 12. Nf3 Bd6 13. e3 Rge8 14. Nfd2 e5 15.
f5 e4 16. d4 Bg3 17. Qe2 Bh4 18. b4 g6 19. fxg6 Bxg6 20. b5 c5 21. dxc5 Nxc5
22. Bb2 Nfd7 23. Nc3 Ne5 24. a5 a6 25. Na4 Nxa4 26. Rxa4 axb5 27. Qxb5 Qc6 28.
Qb3 Kd7 29. Rb4 Rb8 30. Rb6 Qc5 31. Rb5 Qc7 32. Qxd5+ Qd6 33. Bxe5 Qxd5 34.
Rxd5+ Kc6 35. c4 Rbd8 36. Rxd8 Rxd8 37. Nxe4 Ra8 38. Nd2+ Kc5 39. Bd4+ Kb4 40.
Bb6 Kc3 41. Bxb7 Rb8 42. Ne4+ Kxc4 43. Nd6+ Kb4 44. Bc7 Rxb7 45. Nxb7 Kb5 46.
Bb6 Be7 47. Ra1 Be4 48. Nd8 f5 49. Ne6 fxg4 50. hxg4 Bf6 51. Bd4 Be7 52. a6 1-0